Statistiken für Stimmt's? #7

Klicken Sie hier um das Quiz zu spielen!

Allgemein

  • Dieses Quiz wurde 88 mal gespielt
  • Das Durchschnittsergebnis liegt bei 6 aus 10

Antwortstatistiken

FrageAntwort% Korrekt
Es gibt eine Vogelart namens "Zilpzalp".Wahr
76%
0° Celsius sind 32° Fahrenheit.Wahr
73%
Island ist Mitgliedsstaat der NATO.Wahr
69%
Polen hat mehr Einwohner als Italien.Falsch
68%
Junge Pferde heißen Ponys.Falsch
65%
Die Spieler des MSV Duisburg nennt man auch "die Fohlen".Falsch
65%
Ein Prozent sind hundert Promille.Falsch
58%
Tom Cruise hat schon mal einen Oscar gewonnen.Falsch
49%
Fidschi ist amtierender 7er-Rugby-Weltmeister.Wahr
47%
Stan Laurel war 13 Jahre älter als Oliver Hardy.Falsch
36%

Verteilung der Resultate

Perzentil nach korrekt beantworteten Fragen

Anzahl Personen mit jedem Resultat

Ihre Resultats-Entwicklung

Sie haben dieses Quiz noch nicht gespielt